The native architecture of Saudi Arabia : architecture and identity /
محفوظ في:
المؤلف الرئيسي:
مؤلفون آخرون:
التنسيق: كتاب
اللغة: English
منشور في:
Riyadh :
Riyadh Municipality,
c2008.
الموضوعات:
الوسوم: إضافة وسم
لا توجد وسوم, كن أول من يضع وسما على هذه التسجيلة!
رقم الطلب: NA7419 .S2 I84 2008
| LEADER | 00930namaa2200265 4500 | ||
|---|---|---|---|
| 001 | 25346 | ||
| 003 | OSt | ||
| 005 | 20250909101547.0 | ||
| 008 | 130303s2008 su abe b 000 0 eng d | ||
| 020 | |a 9786038014028 | ||
| 040 | |c ARCE Library | ||
| 043 | |a a-su--- | ||
| 050 | 4 | |a NA7419 .S2 I84 2008 | |
| 100 | 1 | |a Ishteeaque, Ellahi M. |e author |9 40018 | |
| 245 | 1 | 4 | |a The native architecture of Saudi Arabia : |b architecture and identity / |c Ellahi M. Ishteeaque, AIA & Fahad A. Al Said. |
| 264 | 1 | |a Riyadh : |b Riyadh Municipality, |c c2008. | |
| 300 | |a 343 pages : |b color illustrations, maps, plans ; |c 26 cm. | ||
| 504 | |a Includes bibliographical references. | ||
| 650 | 0 | |a Architecture, Domestic |z Saudi Arabia |v Designs and plans. | |
| 650 | 0 | |a Architecture |z Saudi Arabia. | |
| 650 | 0 | |a Architecture |z Saudi Arabia |v Designs and plans. | |
| 700 | 1 | |a Al-Said, Fahad A. | |
| 901 | |a reviewed | ||
| 942 | |c BK |2 lcc | ||
| 999 | |c 23775 |d 23775 | ||
